| 000 | 00500nam a22001577a 4500 | ||
|---|---|---|---|
| 003 | SGT | ||
| 020 | _a9788120339170 | ||
| 082 | _a515.353,BHA | ||
| 100 | _aK .S. BHAMRA | ||
| 245 | _aPARTIAL DIFFERENTIAL EQUATIONS | ||
| 260 |
_aNEW DELHI _bPHI _c2010 |
||
| 300 | _a561 | ||
| 650 | _aPARTIAL DIFFERENTIAL EQUATIONS | ||
| 653 | _aPRELIMINARIES, FORMULATION OF PARTIAL DIFFERENTIAL EQUATION, LAGRANGE EQUATIONS, CAUCHY INITIAL VALUE PROBLEM FOR LINEAR FIRST ORDER EQUATIONS | ||
| 942 |
_2ddc _cFPS _01 |
||
| 999 |
_c9283 _d9283 |
||